[Event "Astana Open-A 2019"]
[Site "Nur-Sultan"]
[Date "2019.07.17"]
[Round "8.4"]
[White "Malakhatko, Vadim"]
[Black "Vakhidov, Jakhongir"]
[Result "1-0"]
[WhiteElo "2462"]
[BlackElo "2541"]
[Annotator "ChessBase"]
[PlyCount "135"]
[EventDate "2019.07.11"]
[EventCountry "KAZ"]
[SourceTitle "playchess.com"]
[Source "ChessBase"]
[SourceQuality "1"]
[TimeControl "5400+30"]

1. d4 {[%emt 0:00:00]} d6 {[%emt 0:00:15]} 2. Nf3 {[%emt 0:00:00]} g6 {[%emt 0:00:06]} 3. c4 {[%emt 0:00:00]} Nf6 {[%emt 0:00:21]} 4. Nc3 {[%emt 0:00:00]} Bf5 {[%emt 0:00:06]} 5. d5 {[%emt 0:01:39]} Bg7 {[%emt 0:00:07]} 6. Nd4 {[%emt 0:00:05]} Bd7 {[%emt 0:00:07]} 7. e4 {[%emt 0:00:04]} e6 {[%emt 0:00:06]} 8. Be2 {[%emt 0:00:47]} exd5 {[%emt 0:00:31]} 9. cxd5 {[%emt 0:01:05]} O-O {[%emt 0:00:39]} 10. O-O {[%emt 0:00:07]} Re8 {[%emt 0:00:15]} 11. Bf3 {[%emt 0:00:05]} a5 {[%emt 0:02:23]} 12. Re1 {[%emt 0:10:37]} Na6 {[%emt 0:00:19]} 13. Bf4 {[%emt 0:10:48]} Nc5 {[%emt 0:00:18]} 14. Qd2 {[%emt 0:00:05]} Ng4 {[%emt 0:09:34]} 15. h3 {[%emt 0:08:34]} Ne5 {[%emt 0:00:17]} 16. Be2 {[%emt 0:00:05]} Ned3 {[%emt 0:04:28]} 17. Bxd3 {[%emt 0:00:06]} Bxd4 {[%emt 0:00:05]} 18. Bc2 {[%emt 0:00:23]} Bg7 {[%emt 0:03:22]} 19. Bg5 {[%emt 0:08:40]} Qb8 {[%emt 0:01:36]} 20. Be3 {[%emt 0:05:07]} b5 {[%emt 0:04:08]} 21. Bd4 {[%emt 0:00:06]} b4 {[%emt 0:19:46]} 22. Bxg7 {[%emt 0:00:08]} Kxg7 {[%emt 0:00:03]} 23. Qd4+ {[%emt 0:00:07]} f6 {[%emt 0:00:31]} 24. Ne2 {[%emt 0:01:01]} Qb6 {[%emt 0:00:15]} 25. Ng3 {[%emt 0:01:04]} Na4 {[%emt 0:03:00]} 26. Qxb6 {[%emt 0:00:09]} Nxb6 {[%emt 0:00:01]} 27. Rac1 {[%emt 0:00:35]} Bb5 {[%emt 0:00:33]} 28. Bd1 {[%emt 0:08:23]} Ra7 {[%emt 0:00:20]} 29. Be2 {[%emt 0:00:26]} Bxe2 {[%emt 0:05:43]} 30. Rxe2 {[%emt 0:02:45]} f5 {[%emt 0:00:19]} 31. Rec2 {[%emt 0:12:29]} Re7 {[%emt 0:00:31]} 32. exf5 {[%emt 0:00:07]} Nxd5 {[%emt 0:00:15]} 33. fxg6 {[%emt 0:00:06]} hxg6 {[%emt 0:00:11]} 34. f3 {[%emt 0:00:22]} Nf4 {[%emt 0:17:35]} 35. Rd2 {[%emt 0:02:28]} Re5 {[%emt 0:06:49]} 36. Kf2 {[%emt 0:01:35]} Kf7 {[%emt 0:01:59]} 37. h4 {[%emt 0:03:48]} Ne6 {[%emt 0:05:08]} 38. Ne4 {[%emt 0:04:32]} Ke7 {[%emt 0:00:22]} 39. g4 {[%emt 0:00:54]} Ra8 {[%emt 0:01:34]} 40. Ng5 {[%emt 0:05:00]} Kd7 {[%emt 0:06:57]} 41. Nxe6 {[%emt 0:02:17]} Rxe6 {[%emt 0:00:02]} 42. Rc5 {[%emt 0:00:58]} c6 {[%emt 0:00:47]} 43. h5 {[%emt 0:01:20]} d5 {[%emt 0:03:06]} 44. hxg6 {[%emt 0:00:14]} Rxg6 {[%emt 0:00:04]} 45. Kg3 {[%emt 0:00:06]} Rd6 {[%emt 0:00:42]} 46. g5 {[%emt 0:01:08]} Kc7 {[%emt 0:00:08]} 47. Kg4 {[%emt 0:00:06]} Re8 {[%emt 0:03:10]} 48. Rc1 {[%emt 0:00:17]} d4 {[%emt 0:00:39]} 49. Rc4 {[%emt 0:05:39]} d3 {[%emt 0:01:21]} 50. Re4 {[%emt 0:00:05]} Rxe4+ {[%emt 0:01:39]} 51. fxe4 {[%emt 0:00:09]} c5 {[%emt 0:00:00]} 52. b3 {[%emt 0:00:07]} c4 {[%emt 0:01:00]} 53. bxc4 {[%emt 0:00:04]} Kc6 {[%emt 0:00:15]} 54. Kf5 {[%emt 0:01:22]} Kc5 {[%emt 0:01:02]} 55. g6 {[%emt 0:00:07]} Kxc4 {[%emt 0:00:16]} 56. g7 {[%emt 0:00:09]} Rd8 {[%emt 0:00:02]} 57. Rg2 {[%emt 0:00:22]} Rg8 {[%emt 0:02:43]} 58. Kf6 {[%emt 0:00:22]} a4 {[%emt 0:00:08]} 59. e5 {[%emt 0:00:53]} b3 {[%emt 0:00:32]} 60. axb3+ {[%emt 0:00:13]} axb3 {[%emt 0:00:12]} 61. e6 {[%emt 0:00:35]} Kc3 {[%emt 0:00:43]} 62. Kf7 {[%emt 0:00:35]} d2 {[%emt 0:01:00]} 63. Rg1 {[%emt 0:00:20]} Rxg7+ {[%emt 0:00:33]} 64. Kxg7 {[%emt 0:00:05]} Kc2 {[%emt 0:00:25]} 65. e7 {[%emt 0:00:06]} d1=Q {[%emt 0:00:18]} 66. Rxd1 {[%emt 0:00:06]} Kxd1 {[%emt 0:00:04]} 67. e8=Q {[%emt 0:00:08]} b2 {[%emt 0:00:03]} 68. Qe4 {[%emt 0:00:39]} 1-0

[Event "Astana Open-A 2019"]
[Site "Nur-Sultan"]
[Date "2019.07.17"]
[Round "8.5"]
[White "Kostenko, Petr"]
[Black "Erigaisi Arjun"]
[Result "1/2-1/2"]
[WhiteElo "2471"]
[BlackElo "2531"]
[Annotator "TA"]
[PlyCount "68"]
[EventDate "2019.07.11"]
[EventCountry "KAZ"]
[SourceTitle "playchess.com"]
[Source "ChessBase"]
[SourceQuality "1"]

{[%evp 9,68,25,31,12,21,-6,14,13,7,8,8,0,20,0,0,0,37,51,80,54,54,38,33,40,44,35,23,31,18,27,71,75,70,71,83,42,20,12,25,0,0,0,117,0,0,0,0,-15,0,-6,-10,-8,-7,-18,-7,-2,-7,-7,0,0,0]} 1. c4 Nf6 2. Nc3 b6 3. e4 e5 4. g3 (4. Nf3 Nc6 5. Be2 Bb7 6. O-O Bc5 7. Nxe5 Nxe5 8. d4 Bd6 9. dxe5 Bxe5 10. f3 Bxc3 11. bxc3 d6 12. Bg5 {0-1 (29) Gasanov,E (2482)-Bogdanovich,S (2593) Omelnyk 2017}) 4... Bb7 5. Bg2 Bc5 6. h3 {A16: English Opening: 1...Nf6 with ...d5} Nc6 7. Nge2 Nd4 8. Rb1 $146 ({Predecessor:} 8. d3 Nxe2 9. Qxe2 Bb4 10. Bd2 Bxc3 11. Bxc3 d6 12. O-O O-O {1-0 (20) Bogdan,D (2362)-Bugari,D (1898) Arad 2011}) 8... a5 9. d3 O-O 10. O-O Re8 11. a3 Nxe2+ 12. Nxe2 b5 13. cxb5 d5 14. Qc2 Bb6 15. b4 axb4 16. Rxb4 {[%cal Bb1b4,Bb4c4,Bc4c6][%mdl 32]} Qd6 17. exd5 Bxd5 18. Nc3 Bxg2 19. Kxg2 Bc5 20. Rc4 Bxa3 21. Rc6 Qd7 22. Ne4 Nd5 23. Qc4 Bf8 24. Bb2 Nb6 $36 {[%mdl 2048] White is under pressure.} 25. Qb3 Ra4 {[#]} (25... Rab8 $11 {remains equal.}) 26. Qc2 ({Avoid the trap} 26. Rxb6 $2 Rb4 $19) (26. Nc5 $1 $16 {[%cal Rc5d7]} Bxc5 27. Rxc5) 26... Ra2 {...Qd5 is the strong threat.The position is equal.} 27. Nc3 Ra7 {[%cal Ba2a7,Ba7b7,Bb7d7][%mdl 32]} 28. Kh2 Rb7 29. Ba1 Nd5 30. Nxd5 Qxd5 31. Qc4 Qxb5 32. Rxc7 {[#] Black must now prevent Qxf7+.} Qxc4 33. Rxc4 Rd7 34. Re4 Rxd3 {Accuracy: White = 49%, Black = 39%.} 1/2-1/2

[Event "Astana Open-A 2019"]
[Site "Nur-Sultan"]
[Date "2019.07.17"]
[Round "8.6"]
[White "Khegay, Dmitriy"]
[Black "Konstantin, Kazakov"]
[Result "1/2-1/2"]
[WhiteElo "2503"]
[BlackElo "2380"]
[Annotator "TA"]
[PlyCount "100"]
[EventDate "2019.07.11"]
[EventCountry "KAZ"]
[SourceTitle "playchess.com"]
[Source "ChessBase"]
[SourceQuality "1"]

{[%evp 9,100,24,29,18,50,47,43,41,49,49,48,38,63,55,55,57,48,53,66,39,39,41,27,33,39,37,55,56,44,33,33,29,37,37,37,33,48,37,37,37,48,48,66,62,67,66,67,48,67,52,58,58,74,74,74,74,74,48,48,33,48,27,28,16,77,78,78,60,81,74,79,0,81,81,127,127,127,127,127,127,127,127,127,127,127,127,127,127,127,127,127,127,127]} 1. d4 f5 2. Nf3 Nf6 3. e3 g6 4. c4 Bg7 (4... d6 5. Be2 Bg7 6. b4 e5 7. dxe5 Ng4 8. Nc3 Nc6 9. Bb2 Ngxe5 10. Nxe5 Nxe5 11. Qc2 Be6 {½-½ (45) Jumabayev,R (2609)-Maghsoodloo,P (2673) Astana 2019}) 5. b4 O-O 6. Bb2 {A80: Dutch Defence: Unusual White second moves} c6 7. Be2 d5 8. O-O {White is slightly better.} Ne4 9. cxd5 $146 ({Predecessor:} 9. Ne5 Nd7 10. f3 Nxe5 11. dxe5 Ng5 {½-½ (95) Shtembuliak,E (2352)-Potapov,P (2474) Moscow 2015}) 9... cxd5 10. Nc3 Nxc3 11. Bxc3 Nd7 12. b5 Nb6 13. Qb3 Be6 14. Ba5 Qd7 15. Bxb6 axb6 16. g3 Qd6 17. a4 Rfc8 18. Rfc1 Bf6 19. Ne1 Bf7 20. f4 Rc7 21. Rxc7 Qxc7 22. Qb2 Qd6 23. Nd3 e6 24. Bd1 Be8 25. Rc1 Bd7 26. Kf2 Rc8 27. Rxc8+ Bxc8 28. Qc3 Bd7 29. Be2 Kf8 30. Ne5 Bd8 31. h3 Bc7 32. g4 Be8 33. Nf3 h6 34. Ne5 Qd8 35. Nd3 Bd6 36. Kg2 Qc7 (36... g5 $11) 37. Qxc7 $16 Bxc7 {[%mdl 4096] Endgame KBB-KBN} 38. h4 Ke7 39. Nf2 Bd6 40. Nd3 ({White should try} 40. g5 $16) 40... Bf7 (40... Bc7 $1 $11) 41. g5 {White is better.} h5 42. Kf2 Be8 43. Ke1 Kd8 44. Kd2 Kc7 45. Kc3 Be7 46. Bf3 Bf8 47. Kb3 Be7 48. Nc1 Bf8 49. Na2 Be7 50. Nc3 Bf7 {Accuracy: White = 67%, Black = 59%.} 1/2-1/2

[Event "Astana Open-A 2019"]
[Site "Nur-Sultan"]
[Date "2019.07.18"]
[Round "9.1"]
[White "Bocharov, Dmitry"]
[Black "Vadim, Malakhatko"]
[Result "1/2-1/2"]
[WhiteElo "2506"]
[BlackElo "2462"]
[Annotator "TA"]
[PlyCount "27"]
[EventDate "2019.07.11"]
[EventCountry "KAZ"]
[SourceTitle "playchess.com"]
[Source "ChessBase"]
[SourceQuality "1"]

{[%evp 24,27,12,8,18,0]} 1. d4 d5 2. c4 dxc4 3. e3 Nf6 4. Bxc4 e6 5. Nf3 c5 6. O-O a6 7. dxc5 Qxd1 8. Rxd1 Bxc5 9. Nbd2 Nbd7 10. Be2 b6 11. Nc4 Bb7 12. b3 O-O 13. Bb2 Bd5 {[#] D27: Queen's Gambit Accepted: Classical main line: 7 e4!? and 7 a4} (13... Rfd8 14. Ne1 Bd5 15. Rac1 Rac8 16. Nd3 Be7 17. Nce5 Bb7 18. Nc4 Bd5 19. Nd2 Bb7 20. Kf1 h6 21. Bf3 {1-0 (51) Carlsen,M (2835)-Mamedyarov,S (2817) Wijk aan Zee 2019}) 14. Nd4 $146 ({Predecessor:} 14. Nfe5 b5 15. Nxd7 Nxd7 16. e4 Bxe4 17. Rxd7 bxc4 18. Rc1 Rfc8 19. Bxc4 a5 20. a4 Bc6 21. Rd3 {½-½ (30) Li,C (2720)-Wang,Y (2706) China 2017}) 1/2-1/2

[Event "Astana Open-A 2019"]
[Site "Nur-Sultan"]
[Date "2019.07.18"]
[Round "9.2"]
[White "Vladimir, Burmakin"]
[Black "Sivuk, Vitaly"]
[Result "1-0"]
[WhiteElo "2506"]
[BlackElo "2546"]
[Annotator "TA"]
[PlyCount "191"]
[EventDate "2019.07.11"]
[EventCountry "KAZ"]
[SourceTitle "playchess.com"]
[Source "ChessBase"]
[SourceQuality "1"]

{[%evp 13,191,18,9,11,16,8,3,16,18,-3,-6,-4,6,16,14,22,47,25,25,16,63,60,96,79,55,37,43,39,58,29,68,61,62,66,68,38,56,41,54,38,198,176,145,0,1,0,27,14,142,133,133,140,175,162,158,172,169,175,175,125,194,111,109,109,109,114,110,111,145,131,116,30,40,33,146,146,169,169,169,169,169,169,169,169,168,165,209,14,78,64,199,100,119,0,200,74,168,73,73,73,73,72,73,73,81,81,81,80,81,76,76,76,76,76,76,76,76,76,76,76,76,76,76,76,76,73,73,73,73,73,76,76,76,76,76,76,76,76,81,81,81,81,81,81,81,81,81,81,81,81,81,81,81,76,76,76,76,76,81,81,81,81,81,76,81,81,81,76,76,76,76,76,76,76,76,83,29997,29996,29998,29999]} 1. d4 Nf6 2. c4 e6 3. g3 d5 4. Nf3 Bb4+ 5. Bd2 Bd6 6. Bg2 O-O 7. Qc2 c6 8. O-O {D30: Queen's Gambit Declined: Systems without Nc3} Nbd7 9. a4 (9. Rd1 Ne4 10. Ne1 Nxd2 11. Nxd2 f5 12. Nd3 Nf6 {0-1 (42) Xiong,J (2634)-Caruana,F (2811) chess.com INT 2018}) 9... a5 10. Bc3 $146 {The position is equal.} ({Predecessor:} 10. Rd1 Qe7 11. Nc3 dxc4 12. Nh4 Bb4 {½-½ (48) Kulaev,M (2204)-Pavlov,S (2481) Moscow 2019}) 10... Ne4 11. Nbd2 f5 12. Nxe4 fxe4 13. Ne1 b6 14. f3 Ba6 15. cxd5 (15. fxe4 {is interesting.} Bxc4 16. Nd3 dxe4 17. Bxe4 Bd5 18. Rxf8+ Nxf8 19. Bg2) 15... exf3 16. Rxf3 exd5 17. e4 dxe4 18. Rxf8+ (18. Qxe4 $6 Nf6 $11) 18... Nxf8 19. Qxe4 Rc8 {[%cal Ba8c8,Bc8c7,Bc7f7][%mdl 32]} 20. Nc2 Rc7 21. Re1 Bc4 22. Ne3 Bf7 23. Nf5 Bg6 24. Rf1 Rf7 25. g4 Rc7 26. Qe2 Bf7 $2 (26... Bxf5 $1 $14 27. Rxf5 Ng6) 27. Qa6 $18 Rd7 28. Nxd6 (28. Bxc6 $16 Bxh2+ 29. Kg2 (29. Kxh2 Qc7+ {[%mdl 64] Double Attack} 30. Kg1 Qxc6 $11)) 28... Rxd6 $11 29. Qb7 Bc4 30. Rf2 $40 {[%mdl 128] White has some attack.} (30. d5 Rd7 $17) 30... Qd7 (30... Nd7 $11) 31. Qxb6 $16 Qxg4 {White must now prevent ...Qd1+.} 32. h3 $1 {[%cal Rh3g4]} (32. Qxa5 $2 Qd1+ 33. Be1 Re6 $19) 32... Qg5 ({Not} 32... Qd1+ $2 33. Kh2) 33. Bxa5 {Hoping for Bb4.} Bd5 34. Bd2 $1 {[%cal Rd2g5]} Qg6 35. Kh2 Bxg2 36. Rxg2 Qe4 (36... Qd3 $16 {was necessary.}) 37. Qb3+ (37. a5 $1 $18 {[%cal Ra5a6] aiming for a6.} Qxd4 38. Qxd4 Rxd4 39. Bc3) 37... Ne6 38. Bh6 Qd5 39. Qxd5 ({But not} 39. Qb7 $6 Qxd4 40. Qb3 Qe5+ 41. Qg3 Qxg3+ 42. Rxg3 Rd1 $11) 39... Rxd5 {[%mdl 4096] Endgame KRB-KRN} 40. Be3 Nxd4 41. b4 $1 Ne6 42. Rb2 ({White should try} 42. Bb6 $16) 42... Rd3 $11 43. Bf2 Ra3 (43... Kf7 $14) 44. b5 $16 cxb5 45. axb5 Ra8 46. b6 {Strongly threatening b7.} Rb8 47. Ra2 Kf7 48. Ra7+ Kf6 49. Kg2 h5 50. Kf3 $2 (50. b7 $18 {And now Bg3 would win.} Nd8 51. Ra8 Rxb7 52. Rxd8) 50... g5 (50... Ng5+ $11 51. Kg2 Ne4) 51. Ke4 Re8 (51... g4 $1 $14) 52. Kd5 ({White should play} 52. h4 $1 $18) 52... Rd8+ 53. Ke4 (53. Kc4 $16) 53... Re8 $1 $18 54. b7 (54. h4 $1 $18 {is more deadly.}) 54... Nd8+ {[#]} (54... Nc5+ $16 {is a better defense.} 55. Kd4 Nxb7) 55. Kd5 (55. Kd3 $1 $18 Nxb7 56. Rxb7) 55... Re5+ {[#]} 56. Kc4 $1 Nxb7 57. Rxb7 $16 {Bd4 is the strong threat. KRB-KR} Re2 58. Bd4+ Kg6 59. Rb6+ Kh7 60. Kd5 Rh2 61. Rb3 g4 62. hxg4 hxg4 63. Ke6 Kg6 64. Rb8 Re2+ 65. Be5 Kg5 66. Rg8+ Kh4 67. Kf5 {[%cal Rg8h8]} Kh3 68. Bf4 ({Don't play} 68. Rxg4 Rxe5+ 69. Kxe5 Kxg4 $11) 68... Kg2 69. Ra8 Rc2 70. Kxg4 Kf2 71. Re8 Re2 72. Bg3+ Kf1 73. Rf8+ Kg2 74. Rf3 Re4+ 75. Bf4 Re2 76. Be3 Rc2 77. Rg3+ Kf1 78. Kf3 {[%csl Ge3][%cal Rg3g1]} Rf2+ 79. Ke4 Rg2 80. Rh3 Ke2 81. Rh4 Kf1 82. Kd3 Ra2 83. Rg4 {[%csl Ge3][%cal Rg4g1]} Ra3+ 84. Ke4 Ra4+ 85. Bd4 {Kf3 would kill now.} Ke2 86. Rg2+ Kf1 87. Rb2 {Threatens to win with Kf3.} Ke1 88. Rh2 Ra8 89. Rc2 Ra4 90. Ke3 {[%cal Rc2c1]} Kd1 91. Rd2+ Kc1 92. Bc3 Ra8 93. Rg2 {White threatens Kd3 and mate.} Kb1 94. Kd3 {White wants to mate with Rg1+.} Ra4 $2 {[%mdl 8192]} (94... Rf8 $16) 95. Rg1+ Ka2 96. Kc2 {Accuracy: White = 64%, Black = 57%.} 1-0

[Event "Astana Open-A 2019"]
[Site "Nur-Sultan"]
[Date "2019.07.18"]
[Round "9.3"]
[White "Konstantin, Kazakov"]
[Black "Amonatov, Farrukh"]
[Result "0-1"]
[WhiteElo "2380"]
[BlackElo "2632"]
[Annotator "TA"]
[PlyCount "193"]
[EventDate "2019.07.11"]
[EventCountry "KAZ"]
[SourceTitle "playchess.com"]
[Source "ChessBase"]
[SourceQuality "1"]

{[%evp 9,193,3,25,20,38,27,33,33,51,30,43,43,45,41,52,42,45,31,62,57,63,52,52,49,48,47,45,41,47,40,47,41,76,56,66,41,81,0,75,29,35,41,49,39,67,0,0,11,20,18,0,0,18,0,12,6,12,0,0,0,0,0,0,0,10,19,60,74,63,0,52,58,68,70,66,0,66,60,44,54,57,55,72,75,72,66,69,49,40,36,218,63,169,60,247,0,199,20,56,0,0,0,0,0,0,0,22,-86,-93,-79,-31,-31,-35,-35,-32,-45,-22,-20,-21,-20,-29,-36,-42,-51,-51,-60,-32,-39,-39,-44,-44,-44,-44,-69,-61,-69,8,-41,-41,-41,-40,-56,-56,-749,-685,-543,-60,-90,-20,-55,-17,-22,-8,-77,-87,-97,-62,-124,-124,-124,-124,-289,-124,-128,-54,-57,-54,-54,-54,-55,-55,-55,-62,-70,-8,-29972,-29973,-29972,-29973,-29973,-29974,-29973,-5421,-29982,-29983,-29987]} 1. e4 c5 2. Nc3 d6 3. d4 cxd4 4. Qxd4 Nc6 5. Qd2 g6 (5... Nf6 6. b3 e6 7. Bb2 d5 8. exd5 exd5 9. O-O-O Be6 10. a3 Bc5 11. Nf3 {½-½ (49) Caruana,F (2819)-Vachier Lagrave,M (2773) Karlsruhe/Baden Baden 2019}) 6. b3 {B23: Closed Sicilian: Lines without g3} Bg7 7. Bb2 Nf6 8. O-O-O {White is slightly better.} O-O 9. Kb1 $146 ({Predecessor:} 9. f3 Qa5 {1-0 (53) Kotronias,V (2509)-Grinberg,E (2452) Budapest 2018}) 9... Qa5 10. f3 Be6 11. Nge2 Rfd8 12. Nd5 Qxd2 13. Rxd2 Ne8 14. c4 Rac8 15. Bxg7 Kxg7 16. Kb2 Nf6 17. Nec3 Nd7 18. Be2 h6 19. Re1 Re8 20. f4 Nc5 21. Bf3 Bd7 22. Nb5 Rb8 23. Nbc3 (23. b4 $16 Ne6 24. Red1) 23... b6 (23... Rbc8 $1 $11) 24. Red1 Rec8 25. Ne3 Be8 26. h4 a6 27. Be2 (27. h5 $14) 27... b5 $1 $11 28. cxb5 axb5 29. Bf3 b4 30. Ne2 $1 Rc7 31. Nc2 Ra7 32. Ned4 e5 33. Ne2 Rba8 34. Nc1 exf4 35. Rxd6 Rb8 36. R6d5 Ne6 (36... Rb5 {seems wilder.} 37. Ne2 Rba5 38. Ra1 Ne6 39. Nc1 Nc5) 37. Nd3 Re7 38. Rd6 Rb5 39. Rd5 Rb8 $1 40. e5 g5 41. Rd6 Rc7 42. Bg4 (42. Bxc6 $14 Bxc6 43. Ncxb4) 42... Re7 (42... Rb5 $1 $11) 43. hxg5 $14 hxg5 44. Bf3 $36 {[%mdl 2048] White is pushing.} Rc7 45. Bd5 Nf8 46. g3 fxg3 47. Rg1 Rd7 $1 {Strongly threatening ...Nxe5!} 48. Rxd7 (48. Rxg3 Nxe5 49. Rxg5+ Nfg6 $17) 48... Bxd7 49. Rxg3 {Threatens to win with Bxc6.} Kg6 $2 {[#]} (49... Ne6 $1 $14) 50. Be4+ $2 (50. e6 $1 $18 {[%cal Re6d7][%mdl 512]} Ne7 (50... Bxe6 51. Bxc6) 51. Ne5+ (51. Ncxb4 Bxe6 52. Ne5+ Kf6 $11) 51... Kf6 52. Ng4+ (52. exd7 Kxe5 53. Re3+ Kf6 $11) 52... Kg7 53. exd7) 50... Kh5 (50... Kh6 $14) 51. Rg1 (51. Rf3 $1 $18) 51... Ng6 $2 {[#]} (51... g4 $14) 52. Ne3 $2 ({White has to play} 52. e6 $1 $18 {[%cal Re6d7][%mdl 512]} f5 (52... Bxe6 53. Rh1+) 53. Bxf5 (53. exd7 fxe4 54. Nc5 Nge5 $16)) 52... Rb5 $2 {[#]} (52... Nce7 $1 $11 {and Black has nothing to worry.}) 53. Nd5 $2 (53. e6 $1 $18 {[%cal Re6d7][%mdl 512]} fxe6 (53... Bxe6 54. Bxc6) 54. Ng4) 53... Kh6 $11 54. Nf6 (54. e6 $14 Bxe6 55. Nc7) 54... Ncxe5 55. Nxd7 Nxd7 56. Bc6 {[%mdl 64] Double Attack} Ra5 57. Bxd7 Rd5 {[%mdl 64] Double Attack} 58. Be8 (58. Nxb4 $11 {remains equal.} Rxd7 59. a4) 58... Rxd3 $17 59. Bxf7 {[%mdl 4096] Endgame KRB-KRN} Ne5 60. Be6 Rd2+ 61. Kb1 Kg6 62. Bc8 Rf2 63. Rd1 $1 Rf4 64. Rd6+ Kh5 65. Kc2 Rf2+ 66. Rd2 Rf8 67. Bb7 Rf7 68. Be4 Nf3 69. Rd5 Kh4 70. Kd3 g4 71. Ke3 Kg3 72. Rb5 Rf4 ({Black should play} 72... Re7 $1 $15 73. Ra5 Nd2 $1 {[%mdl 576] Deflection} 74. Kxd2 Rxe4) 73. Bb7 ({Don't go for} 73. Rxb4 $2 Ng5 $19) 73... Nd4 74. Rc5 Nf5+ 75. Ke2 Nd6 76. Bd5 $2 {[%mdl 8192]} (76. Bc6 $15) 76... Rf5 $19 77. Kd3 {If White can now play Kd4 this consolidates a bit.} Kf4 $2 (77... Rg5 $19 {And now ...Kf4 would win.} 78. a3 bxa3) 78. Kd4 $15 Re5 ({Better is} 78... Rf8 $17 {Hoping for ...Rd8.} 79. Bc6 Rc8) 79. Bc6 $11 Re2 {[%cal Re2d2]} 80. Rc1 g3 81. Rf1+ (81. Kc5 $11 Rd2 82. Kxb4) 81... Rf2 $17 82. Rg1 Nf5+ 83. Kc5 (83. Kd3 $15) 83... Rc2+ 84. Kb6 Rxa2 85. Rc1 $2 (85. Re1 $17) 85... Rd2 (85... Nd4 $1 $19 {[%cal Rd4c6] is more deadly.} 86. Rc4 Ke5 87. Rxb4 Rc2) 86. Rc4+ {[#]} Kg5 (86... Nd4 $1 $17 {aiming for ...Ke3.} 87. Rxb4 Ke5) 87. Kc5 $15 Ne3 88. Rc1 $1 Rc2+ 89. Rxc2 Nxc2 {KB-KN} 90. Kc4 $1 Kg4 91. Kd3 $1 {[%cal Rd3c2]} Ne1+ (91... Na3 $1 $15 92. Bg2 Kh4) 92. Kd4 $2 {[%mdl 8192] [#]} (92. Ke2 $11 g2 93. Kf2) 92... Kh3 $1 93. Kc4 Nc2 94. Kd3 Na3 95. Ke2 Kh2 96. Kf1 Nc2 97. Bd5 {Accuracy: White = 48%, Black = 44%.} 0-1

[Event "Astana Open-A 2019"]
[Site "Nur-Sultan"]
[Date "2019.07.18"]
[Round "9.4"]
[White "Dmitriy, Khegay"]
[Black "Stupak, Kirill"]
[Result "1/2-1/2"]
[WhiteElo "2503"]
[BlackElo "2560"]
[Annotator "TA"]
[PlyCount "32"]
[EventDate "2019.07.11"]
[EventCountry "KAZ"]
[SourceTitle "playchess.com"]
[Source "ChessBase"]
[SourceQuality "1"]

{[%evp 14,32,-15,-13,0,0,-6,-11,0,-2,0,4,2,-22,-28,-50,-43,-29,-32,-40,-2]} 1. d4 Nf6 2. c4 e6 3. Nc3 Bb4 4. Qb3 c5 5. dxc5 Nc6 6. Nf3 Ne4 7. Bd2 Nxd2 8. Nxd2 O-O {E23: Nimzo-Indian: 4 Qb3 c5 5 dxc5 Nc6} (8... Bxc5 9. g3 b6 10. Bg2 Bb7 11. O-O Na5 12. Qc2 Bxg2 13. Kxg2 Rc8 14. Rac1 O-O 15. Qd3 Be7 16. Rfd1 Qc7 {½-½ (57) Ehlvest,J (2532)-Huebner,R (2574) Puhajarve 2016}) 9. g3 Bxc5 10. Bg2 b6 {The position is equal.} 11. O-O Bb7 12. e3 Rc8 $146 ({Predecessor:} 12... f5 13. Rfd1 Qc8 14. Rac1 Na5 15. Qc2 Bxg2 16. Kxg2 Nc6 {1-0 (66) Khegay,D (2434)-Gagarin,S (1997) Kazan 2016}) 13. Qa4 Qc7 14. Rfd1 a6 15. Nf3 Rfd8 16. Rac1 Qb8 {Accuracy: White = 69%, Black = 63%.} 1/2-1/2

[Event "Astana Open-A 2019"]
[Site "Nur-Sultan"]
[Date "2019.07.18"]
[Round "9.5"]
[White "Anton, Shomoev"]
[Black "Kostenko, Petr"]
[Result "1-0"]
[WhiteElo "2559"]
[BlackElo "2471"]
[Annotator "TA"]
[PlyCount "75"]
[EventDate "2019.07.11"]
[EventCountry "KAZ"]
[SourceTitle "playchess.com"]
[Source "ChessBase"]
[SourceQuality "1"]

{[%evp 21,75,0,15,9,24,31,31,29,40,30,39,36,30,7,29,33,27,20,22,30,29,26,97,106,99,96,87,60,76,60,60,60,115,115,136,137,127,130,107,113,403,398,410,404,414,399,416,389,359,399,768,729,708,547,6539,1544]} 1. e4 c6 2. d4 d5 3. Nc3 dxe4 4. Nxe4 Bf5 5. Ng3 Bg6 6. h4 h6 7. Nf3 e6 8. h5 Bh7 9. Bd3 Bxd3 10. Qxd3 Nf6 11. Bd2 c5 12. Ne4 {B19: Classical Caro-Kann: 4...Bf5 main line} (12. O-O-O Nc6 13. Bc3 Qd5 14. dxc5 Qxd3 15. cxd3 Bxc5 16. Bxf6 gxf6 17. d4 Bb6 18. d5 Ne7 19. dxe6 fxe6 20. Ne4 {½-½ (32) Andreikin,D (2725)-Howell,D (2693) Astana 2019}) 12... Nc6 {[%cal Rc5d4]} 13. Bc3 cxd4 14. Nxd4 {White is slightly better.} Nb4 15. Nxf6+ gxf6 16. Qb5+ Qd7 17. Qxd7+ $146 ({Predecessor:} 17. Bxb4 Qxb5 18. Nxb5 Bxb4+ 19. c3 Ba5 {0-1 (49) Nemcova,K (2313)-Lei,T (2488) Khanty-Mansiysk 2017}) 17... Kxd7 18. Rd1 Nd5 19. Bd2 Rc8 20. c3 a6 21. Rh3 e5 (21... Nb6 $11 {keeps the balance.}) 22. Nf5 $16 Ke6 23. g4 Rc4 24. Rh4 Rc6 25. Be3 Ne7 26. Ng3 Bg7 (26... b5 $14) 27. Rh2 b6 28. Rg2 Rh7 29. f4 {[#] aiming for f5+.} f5 30. Rf2 f6 $2 {[%mdl 8192]} (30... b5 $16 31. Rdd2 Rh8 32. gxf5+ Nxf5 33. Nxf5 Kxf5) 31. gxf5+ $18 Nxf5 32. Nxf5 Kxf5 33. Rd7 exf4 34. Bxf4 Ke6 35. Rb7 f5 $2 (35... Rc5 36. Rxb6+ Kf7 37. Rxa6 Rxh5 38. Ra7+ Kg8) 36. Re2+ {White is clearly winning.} Kd5 37. Kd1 Re6 {[#]} 38. c4+ $1 {[%mdl 512] Accuracy: White = 91%, Black = 48%.} 1-0